[Event "VIII Lorca Open-A 2019"]
[Site "Lorca"]
[Date "2019.12.29"]
[Round "6.14"]
[White "Peng, Li Min"]
[Black "Alonso Garcia, Aaron"]
[Result "1/2-1/2"]
[WhiteElo "2451"]
[BlackElo "2258"]
[Annotator "ChessBase"]
[PlyCount "49"]
[EventDate "2019.12.26"]
[EventType "swiss"]
[EventCountry "ESP"]
[SourceTitle "playchess.com"]
[Source "ChessBase"]
[SourceQuality "1"]
[TimeControl "5400+30"]

1. e4 {[%emt 1:30:30]} c5 {[%emt 0:01:09]} 2. Nf3 {[%emt 0:00:00]} e6 {[%emt 0:00:07]} 3. d4 {[%emt 0:00:00]} cxd4 {[%emt 0:00:06]} 4. Nxd4 {[%emt 0:00:00]} Nc6 {[%emt 0:00:04]} 5. Nc3 {[%emt 0:00:00]} Qc7 {[%emt 0:00:07]} 6. Be3 {[%emt 0:00:00]} a6 {[%emt 0:00:05]} 7. Qf3 {[%emt 0:00:00]} Nf6 {[%emt 0:06:27]} 8. O-O-O {[%emt 0:00:00]} Bb4 {[%emt 0:02:39]} 9. Nxc6 {[%emt 0:00:00]} bxc6 {[%emt 0:13:15]} 10. Bd4 {[%emt 0:00:00]} Be7 {[%emt 0:00:17]} 11. e5 {[%emt 0:00:00]} Nd5 {[%emt 0:00:04]} 12. Ne4 {[%emt 0:00:00]} c5 {[%emt 0:22:09]} 13. Nd6+ {[%emt 0:00:00]} Bxd6 {[%emt 0:00:02]} 14. exd6 {[%emt 0:00:00]} Qxd6 {[%emt 0:00:57]} 15. Bxg7 {[%emt 0:00:00]} Rg8 {[%emt 0:00:04]} 16. Bh6 {[%emt 0:00:00]} Rb8 {[%emt 0:02:53]} 17. g3 {[%emt 0:00:00]} Qb6 {[%emt 0:04:32]} 18. b3 {[%emt 0:00:00]} Bb7 {[%emt 0:00:58]} 19. Bd3 {[%emt 0:00:00]} Qb4 {[%emt 0:07:06]} 20. Rhe1 {[%emt 0:09:30]} Qa3+ {[%emt 0:36:59]} 21. Kd2 Qa5+ 22. Kc1 Qxa2 {[%emt 0:01:00]} 23. Be4 {[%emt 0:01:30]} Nb4 {[%emt 0:00:30]} 24. Rxd7 Nd5 {[%emt 0:00:30]} 25. Bd3 1/2-1/2

[Event "VIII Lorca Open-A 2019"]
[Site "Lorca"]
[Date "2019.12.29"]
[Round "6.14"]
[White "Real De Azua, Ernesto"]
[Black "Arias Igual, Alejandro"]
[Result "*"]
[WhiteElo "2450"]
[BlackElo "2208"]
[Annotator "ChessBase"]
[PlyCount "39"]
[EventDate "2019.12.26"]
[EventType "swiss"]
[EventCountry "ESP"]
[SourceTitle "playchess.com"]
[Source "ChessBase"]
[SourceQuality "1"]
[TimeControl "5400+30"]

1. e4 {[%emt 1:30:30]} c5 {[%emt 0:01:09]} 2. Nf3 {[%emt 0:00:00]} e6 {[%emt 0:00:07]} 3. d4 {[%emt 0:00:00]} cxd4 {[%emt 0:00:06]} 4. Nxd4 {[%emt 0:00:00]} Nc6 {[%emt 0:00:04]} 5. Nc3 {[%emt 0:00:00]} Qc7 {[%emt 0:00:07]} 6. Be3 {[%emt 0:00:00]} a6 {[%emt 0:00:05]} 7. Qf3 {[%emt 0:00:00]} Nf6 {[%emt 0:06:27]} 8. O-O-O {[%emt 0:00:00]} Bb4 {[%emt 1:25:55]} 9. Nxc6 {[%emt 0:00:00]} bxc6 {[%emt 0:13:15]} 10. Bd4 {[%emt 0:00:00]} Be7 {[%emt 1:11:01]} 11. e5 {[%emt 0:00:00]} Nd5 {[%emt 0:00:04]} 12. Ne4 {[%emt 0:00:00]} c5 {[%emt 0:22:09]} 13. Nd6+ {[%emt 0:00:00]} Bxd6 {[%emt 0:00:02]} 14. exd6 {[%emt 0:00:00]} Qxd6 {[%emt 0:00:57]} 15. Bxg7 {[%emt 0:00:00]} Rg8 {[%emt 0:00:04]} 16. Bh6 {[%emt 0:00:00]} Rb8 {[%emt 0:02:53]} 17. g3 {[%emt 0:00:00]} Qb6 {[%emt 0:04:32]} 18. b3 {[%emt 0:00:00]} Bb7 {[%emt 0:00:58]} 19. Bd3 {[%emt 0:00:00]} Qb4 {[%emt 0:07:06]} 20. Rhe1 {[%emt 0:00:00]} *

[Event "VIII Lorca Open-A 2019"]
[Site "Lorca"]
[Date "2019.12.29"]
[Round "6.15"]
[White "Raja Harshit"]
[Black "Ajay Karthikeyan"]
[Result "1/2-1/2"]
[WhiteElo "2447"]
[BlackElo "2203"]
[Annotator "ChessBase"]
[PlyCount "39"]
[EventDate "2019.12.26"]
[EventType "swiss"]
[EventCountry "ESP"]
[SourceTitle "playchess.com"]
[Source "ChessBase"]
[SourceQuality "1"]
[TimeControl "5400+30"]

1. d4 {[%emt 1:30:30]} Nf6 {[%emt 1:30:30]} 2. Nf3 {[%emt 0:00:30]} g6 {[%emt 0:00:30]} 3. g3 {[%emt 0:00:30]} c5 {[%emt 0:00:30]} 4. Bg2 {[%emt 0:00:30]} Bg7 {[%emt 0:00:30]} 5. O-O {[%emt 0:00:30]} O-O {[%emt 0:00:30]} 6. c4 {[%emt 0:00:30]} d6 {[%emt 0:00:30]} 7. dxc5 {[%emt 0:00:30]} dxc5 {[%emt 0:00:30]} 8. Ne5 {[%emt 0:00:30]} Qc7 {[%emt 0:00:30]} 9. Nd3 {[%emt 0:00:30]} Bf5 {[%emt 0:00:30]} 10. Nc3 {[%emt 0:00:30]} Rd8 {[%emt 0:00:30]} 11. e4 {[%emt 0:00:30]} Bg4 {[%emt 0:00:30]} 12. f3 {[%emt 0:00:30]} Be6 {[%emt 0:00:30]} 13. Bf4 {[%emt 0:00:30]} Qb6 {[%emt 0:00:30]} 14. b3 {[%emt 0:00:30]} Nh5 {[%emt 0:00:30]} 15. Qc2 {[%emt 0:00:30]} Nxf4 {[%emt 0:00:30]} 16. Nxf4 {[%emt 0:00:30]} Nc6 17. Na4 Qa5 {[%emt 0:01:00]} 18. Nxe6 {[%emt 0:01:00]} fxe6 {[%emt 0:00:30]} 19. Rad1 {[%emt 0:00:30]} Qb6 {[%emt 0:00:30]} 20. Nc3 {[%emt 0:00:30]} 1/2-1/2

[Event "VIII Lorca Open-A 2019"]
[Site "Lorca"]
[Date "2019.12.29"]
[Round "6.16"]
[White "Matta, Vinay Kumar"]
[Black "Plazuelo Pascual, Juan"]
[Result "*"]
[WhiteElo "2300"]
[BlackElo "2433"]
[Annotator "TA"]
[PlyCount "35"]
[EventDate "2019.12.26"]
[EventType "swiss"]
[EventCountry "ESP"]
[SourceTitle "playchess.com"]
[Source "ChessBase"]
[SourceQuality "1"]

{[%evp 15,16,11,21]} 1. e4 e6 2. d4 d5 3. Nc3 Nf6 4. e5 Nfd7 5. f4 c5 6. Nf3 Nc6 7. Be3 Be7 8. Qd2 O-O {Predecessor:} 9. dxc5 $146 Qa5 10. a3 Bxc5 11. Bxc5 Nxc5 12. Bd3 Bd7 13. O-O Nxd3 14. cxd3 Rac8 15. Qf2 Qa6 16. Rad1 b5 17. f5 exf5 18. Nxd5 {1-0 (37) Anand,V (2773)-Christiansen,J (2555) St Petersburg 2018} *

[Event "VIII Lorca Open-A 2019"]
[Site "Lorca"]
[Date "2019.12.29"]
[Round "7.2"]
[White "Low, Zhen Yu Cyrus"]
[Black "Grigoryan, Karen H."]
[Result "0-1"]
[WhiteElo "2420"]
[BlackElo "2621"]
[Annotator "TA"]
[PlyCount "74"]
[EventDate "2019.12.26"]
[EventType "swiss"]
[EventCountry "ESP"]
[SourceTitle "playchess.com"]
[Source "ChessBase"]
[SourceQuality "1"]

{[%evp 17,82,21,30,32,33,31,18,-18,0,-14,-15,-10,-20,-14,-16,-31,-41,-28,-29,-39,-40,-31,-34,-61,-56,-112,-84,-92,-105,-145,-152,-139,-144,-157,-150,-246,-244,-248,-247,-267,-258,-383,-383,-383,-379,-366,-352,-375,-380,-377,-375,-353,-369,-434,-427,-427,-426,-419,-409,-405,-387,-653,-558,-773,-756,-1351,-1277]} 1. e4 c5 2. Nf3 d6 3. d4 cxd4 4. Nxd4 Nf6 5. Nc3 a6 6. Bg5 Nbd7 7. Bc4 Qa5 8. Qd2 e6 9. O-O-O b5 10. Bd5 {B94: Sicilian Najdorf: 6 Bg5 Nbd7} (10. Bxe6 fxe6 11. Nxe6 b4 12. Nd5 Kf7 13. Bxf6 Nxf6 14. Nxf8 Rxf8 15. Qxb4 Qxb4 16. Nxb4 Nxe4 17. Rd4 a5 {½-½ (59) Predke,A (2566)-Alekseev,E (2610) Sochi 2017}) 10... b4 $1 {[%cal Rb4c3]} 11. Bxa8 bxc3 12. Qe3 {The position is equal.} Ng4 $1 {[%cal Rg4e3]} 13. Nb3 Qe5 $146 ({Don't play} 13... Nxe3 $6 14. Nxa5 Nxd1 15. Rxd1 $14) ({Predecessor:} 13... cxb2+ 14. Kb1 Qc7 15. Qe2 Nge5 16. f4 h6 17. Bh4 Nc4 {0-1 (56) Krzyzanowski,M (2377)-Yilmaz,M (2479) Chotowa 2010}) 14. Qxc3 Qxc3 15. bxc3 {Black must now prevent Bh4.} Nxf2 {[%mdl 64] Double Attack} 16. Rhf1 Nxd1 17. Rxd1 Be7 18. Bf4 Nb6 19. Bc6+ Kd8 20. Na5 Kc7 21. c4 (21. Be3 $15) 21... e5 $36 {[%mdl 2048] Black is in control.} 22. Bd2 {[#]} Nxc4 $1 {[%mdl 576] Deflection} 23. Nxc4 {Hoping for Ba4.} Kxc6 24. Bb4 Bg4 25. Rd3 Be2 26. Na5+ {[#]} (26. Rc3 $17) 26... Kd7 $1 $19 27. Rd5 Rb8 28. a3 Bf1 29. g3 (29. h4 $142) 29... Bg2 30. Bxd6 {[#]} Bg5+ $1 ({Not} 30... Bxd6 31. Nc4 $15) 31. Kd1 Bf3+ ({Less strong is} 31... Bxe4 32. Bxb8+ Bxd5 33. Bxe5 $17) 32. Ke1 Rb1+ 33. Kf2 Bxe4 {[%mdl 64] Double Attack} 34. Rxe5 f5 35. Nc4 Rc1 36. Rc5 Rxc2+ 37. Ke1 {[#]} Rc1+ {Played: Rc2xc4} 0-1

[Event "VIII Lorca Open-A 2019"]
[Site "Lorca"]
[Date "2019.12.29"]
[Round "7.3"]
[White "Marin, Mihail"]
[Black "Sivuk, Vitaly"]
[Result "1-0"]
[WhiteElo "2496"]
[BlackElo "2588"]
[Annotator "ChessBase"]
[PlyCount "69"]
[EventDate "2019.12.26"]
[EventType "swiss"]
[EventCountry "ESP"]
[SourceTitle "playchess.com"]
[Source "ChessBase"]
[SourceQuality "1"]
[TimeControl "5400+30"]

1. c4 {[%emt 0:00:00]} e6 {[%emt 0:00:00]} 2. g3 {[%emt 0:00:00]} d5 {[%emt 0:00:09]} 3. Bg2 {[%emt 0:00:00]} g6 {[%emt 0:00:12]} 4. Qb3 {[%emt 0:07:06]} c6 {[%emt 0:04:17]} 5. d4 {[%emt 0:02:51]} Bg7 {[%emt 0:00:11]} 6. Nf3 {[%emt 0:00:07]} Nf6 {[%emt 0:01:39]} 7. O-O {[%emt 0:00:16]} O-O {[%emt 0:00:08]} 8. Nc3 {[%emt 0:02:06]} b6 {[%emt 0:04:57]} 9. Rd1 {[%emt 0:17:03]} Bb7 {[%emt 0:03:32]} 10. Ne5 {[%emt 0:06:03]} Nfd7 {[%emt 0:06:27]} 11. Bf4 {[%emt 0:02:46]} Nxe5 {[%emt 0:11:11]} 12. Bxe5 {[%emt 0:00:40]} f6 {[%emt 0:01:47]} 13. Bf4 {[%emt 0:00:32]} g5 {[%emt 0:02:28]} 14. Bxb8 {[%emt 0:00:57]} Rxb8 {[%emt 0:01:17]} 15. cxd5 {[%emt 0:04:45]} cxd5 {[%emt 0:03:21]} 16. e4 {[%emt 0:00:47]} f5 {[%emt 0:00:59]} 17. exd5 {[%emt 0:03:53]} exd5 {[%emt 0:01:59]} 18. Bxd5+ {[%emt 0:12:11]} Kh8 {[%emt 0:00:11]} 19. Be6 {[%emt 0:00:41]} Bf3 {[%emt 0:10:02]} 20. Rd3 {[%emt 0:00:29]} g4 {[%emt 0:00:08]} 21. Bd5 {[%emt 0:04:29]} f4 {[%emt 0:06:28]} 22. Bxf3 {[%emt 0:01:54]} gxf3 {[%emt 0:00:45]} 23. Ne4 {[%emt 0:02:24]} Rb7 {[%emt 0:34:43]} 24. Nd2 {[%emt 0:07:26]} Bf6 {[%emt 0:02:36]} 25. Nxf3 {[%emt 0:00:49]} Rg7 {[%emt 0:00:03]} 26. Re1 {[%emt 0:02:25]} h5 {[%emt 0:00:19]} 27. Re4 {[%emt 0:00:46]} fxg3 {[%emt 0:00:18]} 28. hxg3 {[%emt 0:00:24]} Qc8 {[%emt 0:00:08]} 29. Kg2 {[%emt 0:03:33]} Qf5 {[%emt 0:00:12]} 30. Qe6 {[%emt 0:03:58]} Qg6 {[%emt 0:00:33]} 31. Rde3 {[%emt 0:00:57]} Qh7 {[%emt 0:00:43]} 32. Qd6 {[%emt 0:01:20]} Rgf7 {[%emt 0:00:36]} 33. Re8 {[%emt 0:00:50]} Qg7 {[%emt 0:00:13]} 34. R3e4 {[%emt 0:03:18]} Qh6 {[%emt 0:01:21]} 35. Ne5 {[%emt 0:01:06]} 1-0

[Event "VIII Lorca Open-A 2019"]
[Site "Lorca"]
[Date "2019.12.29"]
[Round "7.4"]
[White "Maiorov, Nikita"]
[Black "Villanueva, Mario"]
[Result "1/2-1/2"]
[WhiteElo "2523"]
[BlackElo "2486"]
[Annotator "TA"]
[PlyCount "138"]
[EventDate "2019.12.26"]
[EventType "swiss"]
[EventCountry "ESP"]
[SourceTitle "playchess.com"]
[Source "ChessBase"]
[SourceQuality "1"]

{[%evp 15,138,3,6,0,0,-9,-4,-8,0,-15,-15,-16,-19,-32,-30,-38,-34,-63,-56,-71,-24,-28,-21,-46,-10,-21,-21,-31,-10,-64,-18,-103,-109,-75,-66,-147,-137,-300,-325,-347,-343,-349,-343,-404,-404,-396,-373,-210,-226,-215,-202,-240,-232,-163,0,0,0,8,170,170,170,172,620,64,56,0,0,0,123,0,2857,0,108,66,390,363,429,221,221,221,210,195,356,365,350,291,241,136,135,135,123,67,68,68,68,68,122,122,110,95,119,68,68,68,66,14,46,14,14,8,8,8,8,8,8,8,8,8,8,8,8,8,8,8,8]} 1. d4 e6 2. c4 b6 3. e3 Bb7 4. Nc3 Nf6 5. Nf3 d5 6. cxd5 exd5 7. Bb5+ c6 8. Bd3 Bd6 9. O-O {E14: Queen's Indian: Classical Variation (4 e3)} O-O 10. b3 Nbd7 11. Bb2 Qe7 12. Qc2 Rfe8 13. Ne2 Ne4 14. Ng3 g6 {[#]} 15. Qe2 $146 ({Predecessor:} 15. Rfe1 f5 16. Nf1 Rf8 17. N3d2 Rae8 18. f3 Ng5 {0-1 (85) Timofeev,A (2589)-Goganov,A (2612) St Petersburg 2018}) 15... a5 16. Rfd1 h5 17. Nd2 Nxg3 18. hxg3 Nf6 19. Nf3 Ng4 20. Bc3 Kg7 21. Rab1 Bc8 22. Qd2 (22. Re1 $11) 22... Bd7 23. a4 (23. Re1 $11) 23... Rh8 $1 $17 24. Nh4 Rae8 25. b4 (25. Re1 $1 $15) 25... Qf6 26. b5 $2 (26. bxa5 bxa5 27. Qc2 (27. Bxa5 g5 $11) 27... Rxe3 $11) (26. Qe2 $17) 26... g5 $1 $19 {[%cal Rg5h4]} 27. Nf3 {And now bxc6 would win.} (27. bxc6 gxh4 28. cxd7 hxg3 $11) 27... h4 $1 {[%cal Rh4g3]} 28. gxh4 Nh2 $1 {[%cal Rh2f3][%mdl 64] Decoy} 29. Nxh2 Bxh2+ 30. Kxh2 Rxh4+ 31. Kg1 Reh8 {[%csl Gh8][%cal Rh4h1]} 32. f3 g4 $1 {( -> ...Rh1+)} 33. Kf2 gxf3 34. Rg1 {Strongly threatening Rbf1.} Bg4 $2 (34... Rg4 $19 35. Ke1 Rh2) 35. Ke1 $1 $11 {Hoping for gxf3.} Rh1 36. Qf2 Qh4 $2 (36... Rxg1+ $11 {and Black has nothing to worry.} 37. Qxg1 f2+ 38. Qxf2 Rh1+ 39. Bf1 Qg6) 37. Rxh1 $18 Qxh1+ 38. Kd2 fxg2 $2 (38... Qxg2 39. Qxg2 fxg2) 39. Rg1 $2 (39. bxc6 $18 f5 40. Rg1) 39... Bf3 $1 $14 40. Ke1 (40. Bf1 $14 Qxg1 {[%mdl 64] Remove Defender} 41. Qxg1) 40... cxb5 $11 41. Bxb5 Rc8 {[#]} (41... Rh6 $11 {keeps the balance.}) 42. Kd2 (42. Bd2 $1 $16 Rh8 43. Bd3) 42... Rh8 $2 {[%mdl 8192]} (42... Kf8 $11) 43. Ke1 $2 (43. Qg3+ $18 {is the precise move to win.} Kh6 44. Qxf3 Qxg1 45. Qf6+ {[%mdl 64] Double Attack} Kh7 46. Qxf7+ {[%mdl 64] Double Attack} Kh6 47. Qf6+ Kh7 48. Bd3+ Kg8 49. Qd8+ Kg7 50. Qd7+ Kh6 51. Qe6+ Kg7 52. Qe5+ Kf8 53. Qf6+ Kg8 54. Qg6+ Kf8 55. Qf5+ Kg7 56. Qe5+ Kf8 57. Qxh8+ Kf7 58. Qh7+ Kf8 59. Qh6+ Ke8 60. Qg6+ Kf8 61. Qf6+ Kg8 62. Qg5+ Kf8 63. Qd8+ Kg7 64. Qg5+ Kf8 65. Qd8+ Kg7 66. Qe7+ Kg8 67. Qh7+ Kf8 68. Qh8+ Kf7 69. Qh7+ Kf8) 43... Rc8 $16 {[#]} 44. Bd2 $1 {Bf1 is the strong threat.} Qh2 $2 {[%mdl 8192]} (44... Rh8 $1 $14) 45. Bf1 $18 Rc6 {intending ...Rg6.} 46. Qxf3 (46. Bxg2 $142 Rg6 47. Rf1 (47. Bxf3 Rxg1+ 48. Ke2 Qxf2+ 49. Kxf2 Ra1 $16) (47. Qxf3 Qxg1+ 48. Bf1 Rg5 $16) 47... Qxg2 48. Qxf3 Qxf3 49. Rxf3) 46... Qxg1 47. Qxg2+ Qxg2 48. Bxg2 Rc4 $2 (48... Rd6 {was worth a try.} 49. Ke2 Kf8) 49. Bxd5 Rxa4 50. Kd1 Ra1+ 51. Bc1 (51. Kc2 $18) 51... a4 $16 52. Kc2 {Threatens to win with Kb2.} a3 53. Bb3 ({White should try} 53. Bd2 $16) 53... a2 54. Bb2 Re1 55. Bxa2 Rxe3 ({Better is} 55... Re2+ $14 56. Kb3 Rxe3+ 57. Bc3 Kf8) 56. Bc4 {aiming for d5+.} Kf6 57. Bc3 Rh3 58. Kb3 (58. Bb4 $16) 58... Ke7 $14 59. Bf1 Rf3 60. Bg2 (60. Ba6 $14) 60... Rg3 $11 61. Be4 Ke6 {The position is equal.} 62. Kc4 b5+ 63. Kb4 f5 64. Bc6 f4 65. d5+ Kd6 66. Bd4 Rd3 67. Bc5+ Ke5 68. Kxb5 Rxd5 69. Bxd5 Kxd5 {Accuracy: White = 35%, Black = 56%.} 1/2-1/2

[Event "VIII Lorca Open-A 2019"]
[Site "Lorca"]
[Date "2019.12.29"]
[Round "7.5"]
[White "Guerra Rivera, Salvador"]
[Black "Harutyunian, Tigran K."]
[Result "0-1"]
[WhiteElo "2314"]
[BlackElo "2540"]
[Annotator "ChessBase"]
[PlyCount "72"]
[EventDate "2019.12.26"]
[EventType "swiss"]
[EventCountry "ESP"]
[SourceTitle "playchess.com"]
[Source "ChessBase"]
[SourceQuality "1"]
[TimeControl "5400+30"]

1. e4 {[%emt 0:00:00]} e5 {[%emt 0:02:02]} 2. Nc3 {[%emt 0:00:00]} Nf6 {[%emt 0:00:58]} 3. f4 {[%emt 0:00:11]} d5 {[%emt 0:00:24]} 4. fxe5 {[%emt 0:00:13]} Nxe4 {[%emt 0:00:13]} 5. Qf3 {[%emt 0:00:08]} Nxc3 {[%emt 0:07:10]} 6. dxc3 {[%emt 0:00:37]} Qh4+ {[%emt 0:07:43]} 7. g3 {[%emt 0:00:11]} Qe4+ {[%emt 0:00:06]} 8. Qxe4 {[%emt 0:00:19]} dxe4 {[%emt 0:00:05]} 9. Bg2 {[%emt 0:01:56]} Bf5 {[%emt 0:04:56]} 10. Ne2 {[%emt 0:02:05]} Nd7 {[%emt 0:05:56]} 11. Bf4 {[%emt 0:07:10]} c5 {[%emt 0:07:22]} 12. O-O {[%emt 0:07:52]} Be7 {[%emt 0:03:30]} 13. Rae1 {[%emt 0:02:53]} Be6 {[%emt 0:12:15]} 14. Bxe4 {[%emt 0:05:14]} O-O-O {[%emt 0:00:51]} 15. g4 {[%emt 0:12:06]} Bxg4 {[%emt 0:02:11]} 16. Bg3 {[%emt 0:00:44]} Rhf8 {[%emt 0:05:04]} 17. Nf4 {[%emt 0:03:23]} Nxe5 {[%emt 0:05:24]} 18. Bxb7+ {[%emt 0:07:58]} Kxb7 {[%emt 0:00:25]} 19. Rxe5 {[%emt 0:00:03]} Rd7 {[%emt 0:04:19]} 20. Rfe1 {[%emt 0:02:13]} Bd6 {[%emt 0:01:04]} 21. Rg5 {[%emt 0:03:58]} Bxf4 {[%emt 0:00:09]} 22. Bxf4 {[%emt 0:00:06]} f5 {[%emt 0:00:31]} 23. Kg2 {[%emt 0:00:08]} Rf6 {[%emt 0:03:54]} 24. Be5 {[%emt 0:01:29]} Re6 {[%emt 0:00:29]} 25. Bg3 {[%emt 0:00:10]} Rxe1 {[%emt 0:03:18]} 26. Bxe1 {[%emt 0:00:25]} g6 {[%emt 0:00:06]} 27. h3 {[%emt 0:00:42]} Rd6 {[%emt 0:03:22]} 28. hxg4 {[%emt 0:03:16]} h6 {[%emt 0:00:06]} 29. Rxf5 {[%emt 0:00:28]} gxf5 {[%emt 0:00:06]} 30. gxf5 {[%emt 0:00:02]} Rf6 {[%emt 0:00:22]} 31. Bd2 {[%emt 0:00:50]} h5 {[%emt 0:00:14]} 32. Be3 {[%emt 0:00:32]} Rxf5 {[%emt 0:00:35]} 33. c4 {[%emt 0:01:11]} Kc6 {[%emt 0:01:55]} 34. c3 {[%emt 0:00:22]} a5 {[%emt 0:02:03]} 35. b3 {[%emt 0:00:22]} h4 {[%emt 0:01:52]} 36. Bg1 {[%emt 0:02:48]} h3+ {[%emt 0:01:57]} 0-1

[Event "VIII Lorca Open-A 2019"]
[Site "Lorca"]
[Date "2019.12.29"]
[Round "7.6"]
[White "Krysa, Leandro"]
[Black "Merario Alarcon, Andres"]
[Result "1-0"]
[WhiteElo "2527"]
[BlackElo "2417"]
[Annotator "ChessBase"]
[PlyCount "43"]
[EventDate "2019.12.26"]
[EventType "swiss"]
[EventCountry "ESP"]
[SourceTitle "playchess.com"]
[Source "ChessBase"]
[SourceQuality "1"]
[TimeControl "5400+30"]

1. c4 {[%emt 1:30:30]} Nf6 {[%emt 1:30:30]} 2. d4 {[%emt 0:00:30]} g6 {[%emt 0:00:30]} 3. Nc3 {[%emt 0:00:30]} Bg7 {[%emt 0:00:30]} 4. e4 {[%emt 0:00:30]} d6 {[%emt 0:00:30]} 5. Be2 {[%emt 0:00:30]} O-O {[%emt 0:00:30]} 6. Bg5 {[%emt 0:00:30]} c5 {[%emt 0:00:30]} 7. d5 {[%emt 0:00:30]} e6 {[%emt 0:00:30]} 8. Qd2 {[%emt 0:00:30]} exd5 {[%emt 0:00:30]} 9. exd5 {[%emt 0:00:30]} Qb6 {[%emt 0:00:30]} 10. Nf3 {[%emt 0:00:30]} Bf5 {[%emt 0:00:30]} 11. Nh4 {[%emt 0:00:30]} Ne4 {[%emt 0:00:30]} 12. Nxe4 {[%emt 0:00:30]} Bxe4 {[%emt 0:00:30]} 13. f3 {[%emt 0:00:30]} h6 {[%emt 0:00:30]} 14. Bxh6 {[%emt 0:00:30]} Bxh6 {[%emt 0:00:30]} 15. Qxh6 {[%emt 0:00:30]} Qxb2 {[%emt 0:00:30]} 16. O-O {[%emt 0:00:30]} Bc2 {[%emt 0:00:30]} 17. Rac1 {[%emt 0:00:30]} Nd7 {[%emt 0:00:30]} 18. Rf2 {[%emt 0:00:30]} Ba4 {[%emt 0:00:30]} 19. Bd1 {[%emt 0:00:30]} Qa3 {[%emt 0:00:30]} 20. Bxa4 {[%emt 0:00:30]} Qxa4 {[%emt 0:00:30]} 21. f4 {[%emt 0:00:30]} Nf6 {[%emt 0:00:30]} 22. Nf5 {[%emt 0:00:30]} 1-0

[Event "VIII Lorca Open-A 2019"]
[Site "Lorca"]
[Date "2019.12.29"]
[Round "7.7"]
[White "Arias Igual, Alejandro"]
[Black "Klekowski, Maciej"]
[Result "0-1"]
[WhiteElo "2208"]
[BlackElo "2514"]
[Annotator "ChessBase"]
[PlyCount "80"]
[EventDate "2019.12.26"]
[EventType "swiss"]
[EventCountry "ESP"]
[SourceTitle "playchess.com"]
[Source "ChessBase"]
[SourceQuality "1"]
[TimeControl "5400+30"]

1. Nf3 {[%emt 0:00:15]} Nf6 {[%emt 0:00:49]} 2. c4 {[%emt 0:02:01]} e6 {[%emt 0:00:45]} 3. g3 {[%emt 0:01:30]} b6 {[%emt 0:00:05]} 4. Bg2 {[%emt 0:01:31]} Bb7 {[%emt 0:00:05]} 5. O-O {[%emt 0:00:28]} Be7 {[%emt 0:00:04]} 6. b3 {[%emt 0:02:54]} O-O {[%emt 0:00:17]} 7. Bb2 {[%emt 0:00:31]} d5 {[%emt 0:00:57]} 8. d4 {[%emt 0:03:03]} dxc4 {[%emt 0:11:13]} 9. bxc4 {[%emt 0:00:35]} c5 {[%emt 0:00:32]} 10. e3 {[%emt 0:05:33]} Qc8 {[%emt 0:01:27]} 11. Nbd2 {[%emt 0:00:54]} Ne4 {[%emt 0:06:24]} 12. d5 {[%emt 0:14:45]} exd5 {[%emt 0:07:35]} 13. cxd5 {[%emt 0:00:32]} Bxd5 {[%emt 0:01:15]} 14. Ne5 {[%emt 0:02:10]} Nf6 {[%emt 0:01:22]} 15. e4 {[%emt 0:08:12]} Bb7 {[%emt 0:00:17]} 16. Nec4 {[%emt 0:00:58]} Rd8 {[%emt 0:03:30]} 17. e5 {[%emt 0:05:37]} Ne8 {[%emt 0:02:18]} 18. Bxb7 {[%emt 0:13:23]} Qxb7 {[%emt 0:00:26]} 19. Qe2 {[%emt 0:02:08]} Nc6 {[%emt 0:01:18]} 20. e6 {[%emt 0:03:20]} Bf6 {[%emt 0:03:37]} 21. Ne4 {[%emt 0:04:58]} Bxb2 {[%emt 0:00:27]} 22. Qxb2 {[%emt 0:00:32]} Nd4 {[%emt 0:00:32]} 23. Nxc5 {[%emt 0:03:37]} Qd5 {[%emt 0:02:23]} 24. exf7+ {[%emt 0:02:20]} Kxf7 {[%emt 0:00:05]} 25. Ne3 {[%emt 0:05:54]} Qxc5 {[%emt 0:00:27]} 26. Rac1 {[%emt 0:00:36]} Qe5 {[%emt 0:00:12]} 27. Kh1 {[%emt 0:02:46]} Rac8 {[%emt 0:02:25]} 28. Rce1 {[%emt 0:01:38]} Nf3 {[%emt 0:01:49]} 29. Qxe5 {[%emt 0:04:10]} Nxe5 {[%emt 0:00:05]} 30. Re2 {[%emt 0:00:49]} Nc4 {[%emt 0:02:01]} 31. Nxc4 {[%emt 0:01:39]} Rxc4 {[%emt 0:00:05]} 32. Rfe1 {[%emt 0:00:13]} Rc7 {[%emt 0:00:04]} 33. Kg2 {[%emt 0:00:32]} Nf6 {[%emt 0:00:04]} 34. h3 {[%emt 0:01:08]} h5 {[%emt 0:00:04]} 35. f3 {[%emt 0:02:02]} Rcd7 {[%emt 0:00:07]} 36. g4 {[%emt 0:00:11]} Rd2 {[%emt 0:00:03]} 37. Kg3 {[%emt 0:00:25]} Rxe2 {[%emt 0:00:03]} 38. Rxe2 {[%emt 0:00:08]} Rd5 {[%emt 0:00:17]} 39. h4 {[%emt 0:00:46]} hxg4 {[%emt 0:00:04]} 40. fxg4 {[%emt 0:00:09]} Rd3+ {[%emt 0:00:04]} 0-1

[Event "VIII Lorca Open-A 2019"]
[Site "Lorca"]
[Date "2019.12.29"]
[Round "7.8"]
[White "Godbole, Atharva"]
[Black "Sadzikowski, Daniel"]
[Result "0-1"]
[WhiteElo "2148"]
[BlackElo "2504"]
[Annotator "RC"]
[PlyCount "58"]
[EventDate "2019.12.26"]
[EventType "swiss"]
[EventCountry "ESP"]
[SourceTitle "playchess.com"]
[Source "ChessBase"]
[SourceQuality "1"]
[TimeControl "5400+30"]

1. e4 {[%emt 0:00:00]} e5 {[%emt 0:00:24]} 2. Nf3 {[%emt 0:00:06]} Nc6 {[%emt 0:00:05]} 3. Bb5 {[%emt 0:00:05]} a6 {[%emt 0:00:53]} 4. Ba4 {[%emt 0:00:05]} Nf6 {[%emt 0:00:06]} 5. O-O {[%emt 0:00:04]} Be7 {[%emt 0:00:08]} 6. Re1 {[%emt 0:00:06]} b5 {[%emt 0:00:05]} 7. Bb3 {[%emt 0:00:04]} d6 {[%emt 0:00:36]} 8. c3 {[%emt 0:00:04]} O-O {[%emt 0:00:08]} 9. d4 {[%emt 0:00:30]} Bg4 {[%emt 0:00:17]} 10. d5 {[%emt 0:00:05]} Na5 {[%emt 0:00:11]} 11. Bc2 {[%emt 0:00:06]} Qc8 {[%emt 0:00:07]} 12. h3 {[%emt 0:05:08]} Bd7 {[%emt 0:00:11]} 13. Nbd2 {[%emt 0:00:56]} c6 {[%emt 0:00:08]} 14. dxc6 {[%emt 0:01:42]} Qxc6 {[%emt 0:00:08]} 15. Nf1 {[%emt 0:00:22]} Rfc8 {[%emt 0:00:01]} 16. Ng3 {[%emt 0:09:11]} Rab8 {[%emt 0:00:11]} 17. a3 {[%emt 0:01:58]} g6 {[%emt 0:00:15]} 18. Bg5 {[%emt 0:03:19]} Qc7 {[%emt 0:02:57]} 19. Nh4 {[%emt 0:02:44]} Qd8 {[%emt 0:13:13]} 20. Qf3 {[%emt 0:04:14]} Ne8 {[%emt 0:04:01]} 21. Bxe7 {[%emt 0:12:53]} Qxe7 {[%emt 0:00:07]} 22. Nhf5 {[%emt 0:00:34]} gxf5 {[%emt 0:00:22]} 23. exf5 {[%emt 0:00:23]} Nf6 {[%emt 0:05:28]} 24. Nh5 {[%emt 0:01:05]} Nxh5 {[%emt 0:01:09]} 25. Qxh5 {[%emt 0:00:06]} f6 {[%emt 0:00:11]} 26. Re3 {[%emt 0:01:50]} Kh8 {[%emt 0:00:42]} 27. g4 {[%emt 0:01:04]} Rg8 {[%emt 0:04:17]} 28. Rg3 {[%emt 0:00:08]} Rg5 {[%emt 0:01:59]} 29. Qh4 {[%emt 0:00:07]} Bc6 {[%emt 0:01:51]} 0-1